№ 253: Новая техника и технология в сталеплавильном производстве: [сборник]; Труды Ленинградского политехнического института имени М. И. Калинина

Podrobná bibliografie
Parent link:Труды Ленинградского политехнического института имени М. И. Калинина: [сборник]/ Ленинградский политехнический институт им. М. И. Калинина (ЛПИ). № 253: Новая техника и технология в сталеплавильном производстве.— , 1941-
Další autoři: Смирнов В. С. (редактор)
Jazyk:ruština
Vydáno: Ленинград, Металлургия, 1965
Témata:
Médium: Kniha
KOHA link:https://koha.lib.tpu.ru/cgi-bin/koha/opac-detail.pl?biblionumber=353251

MARC

LEADER 00000nam2a2200000 4500
001 353251
005 20231102010556.0
035 |a (RuTPU)RU\TPU\retro\10369 
035 |a RU\TPU\retro\10365 
090 |a 353251 
100 |a 20200319d1965 k y0rusy50 ca 
101 0 |a rus 
102 |a RU 
200 0 |a № 253: Новая техника и технология в сталеплавильном производстве  |e [сборник]  |f под ред. В. С. Смирнова 
210 |a Ленинград  |a Москва  |c Металлургия  |d 1965 
215 |a 108 стр. 
461 1 |0 (RuTPU)RU\TPU\retro\9721  |t Труды Ленинградского политехнического института имени М. И. Калинина  |o [сборник]  |f Ленинградский политехнический институт им. М. И. Калинина (ЛПИ)  |v № 253: Новая техника и технология в сталеплавильном производстве  |d 1941-  
606 1 |a Сталеплавильное производство  |x Автоматизация и механизация  |2 stltpush  |3 (RuTPU)RU\TPU\subj\56162  |9 74076 
610 1 |a газ-шлак-металл 
610 1 |a сплавы 
610 1 |a редкоземельные элементы 
610 1 |a десульфурация стали 
610 1 |a порошковые материалы 
610 1 |a диэлектрическая проницаемость 
610 1 |a дуговые электропечи 
610 1 |a электромагнитное перемешивание 
610 1 |a сталеплавильная печь 
610 1 |a кристаллизация слитков 
702 1 |a Смирнов  |b В. С.  |4 340 
801 1 |a RU  |b 63413507  |c 20160623 
801 2 |a RU  |b 63413507  |c 20200208  |g RCR 
801 2 |a RU  |b 63413507  |c 20200327  |g RCR 
942 |c BK